00286nam a2200121Ia 4500008004100000100003700041245001300078260002700091300000800118650001400126942000700140999001700147190216s9999||||xx |||||||||||||| ||und|| aPanangadu P.K. Thankappan Pillai 0aKarakkam bV K S Publishersc1985 a52p aKavithkal cBK c25647d25647